| 000 | 00700nam a2200229 a 4500 | ||
|---|---|---|---|
| 001 | 83053 | ||
| 003 | BD-RjUL | ||
| 005 | 20240212112242.0 | ||
| 008 | 24012 s19671931enk 000 1 eng | ||
| 035 | _a(BD-RjUL)83053 | ||
| 040 |
_aDLC _beng _cVtU _dDLC _dBD-RjUL |
||
| 041 | _aeng | ||
| 082 |
_223 _a823.9 _bWAJ 1967 |
||
| 100 | 1 |
_aWalpole, Hugh, _d1884-1941. _911659 |
|
| 245 | 1 | 0 |
_aJudith Paris : _ba novel / _cby Hugh Walpole. |
| 260 |
_aLondon : _bMacmillan and co. Itd, _c1931, [reprinted 1967] |
||
| 300 |
_axiv, 757 p.; _c21 cm. |
||
| 500 | _aMaps on lining-papers. | ||
| 500 | _aJean Hersholt Collection of Hugh Walpole (Library of Congress) | ||
| 650 | _aEnglish Fiction | ||
| 942 |
_2ddc _cBK |
||
| 999 |
_c83053 _d83053 |
||